000 03073nam a22002297 4500
999 _c902
_d902
003 AR-BaISA
005 20220509124906.0
007 ta
008 220506b1996 ag ado|| |||| 001 0 spa d
020 _a9879500385
040 _bspa
_cAR-BaISA
082 0 4 _222
_a617.102 7 P35
100 1 _92144
_aPeidro, Roberto M.
245 1 0 _aMedicina, ejercicio y deportes /
_cRoberto M. Peidro
260 _aBuenos Aires:
_bCentro Editor de la Fundación Favaloro,
_c1996
300 _aXVII, 650 p.
_bil., gráfs., fotos, tablas
504 _aBibliografía al final de cada capítulo.
504 _aÍndice analítico p.: 637-650.
505 _tRené G. Favaloro / Prólogo --
_tRoberto M. Peidro / Introducción
_tCONCEPTOS FISIOLÓGICOS Y FISIOPATOLÓGICOS:
_tJosé Lino S. Barañao / Mecanismo de la contracción muscular --
_tMario Parisi / Bases fisiológicas de la actividad deportiva --
_tRoberto M. Peidro / Fisiología cardiovascular del ejercicio --
_tJuan Osses / Limitación al ejercicio y fisiopatología respiratoria --
_tRoberto M. Peidro y Jorge Roig / Metabolismo energético muscular --
_tJosé Luis Ferreti / Biomecánica ósea y actividad física --
_tGuillermo Díaz Colodero / Termorregulación, deshidratación y enfermedades por calor --
_tPablo Werba y Ricardo Rey / Ejercicios y lípidos
_tMÉTODOS EVALUATIVOS:
_tRoberto M. Peidro / La prueba ergométrica graduada --
_tAbraham Chwojnik, Guillermo Marrero, Aníbal Mele y Oscar Cendoya / El ejercicio en las pruebas diagnósticas con radioisótopos --
_tMarios Boskis / Stress eco digital del ejercicio --
_tHugo Rodríguez Papini / Nociones sobre cineantropometria --
_tHugo Svetlize / Estudio de la función muscular --
_tNéstor Lentini / Aportes de los estudios de laboratorio al alto rendimiento deportivo --
_tPatricia Sangenis / Conceptos prácticos para la evaluación del deportista --
_tPREPARACIÓN PARA EL DEPORTE:
_tJorge Roig / El entrenamiento deportivo --
_tM. Emilia Mazzei, M. Andrea Rochaix y Pilar Llanos / La alimentación en el deportista --
_tHernán Delmonte / Prescripción de actividad física en el adulto sano
_tEL DEPORTE EN SITUACIONES ESPECIALES:
_tBernardo Lozada / El deporte en altura --
_tArnaldo Donadei / El deporte en la inmersión: buceo --
_tMarcelo Zas, Diana Sar y Guillermo Gilardenghi / Oftalmología y deporte
_tCARDIOLOGÍA DEL DEPORTE:
_tRoberto M. Peidro / Corazón de atleta --
_tHugo P. Baglivo / El ejercicio físico en la hipertensión arterial --
_tRicardo Pesce y Elina M. Valero de Pesce / Actividad deportiva y arritmias --
_tRubén P. Laguens / Genética e histopatología en cardiología del ejercicio --
_tNéstor O. Galizio / Disfunción del módulo sinusal y bloqueo auriculoventricular en atletas y deportistas --
_tEnrique D. Dasso / En síncope en el deporte --
_tArnaldo A. Angelino / Rehabilitación en la cardiopatía isquémica --
_tGuillermo Díaz Colodrero / Daño muscular, rabdomiolosis e insuficiencia renal inducidas por el ejercicio --
_tRoberto M. Peidro / Cardiología del deporte
650 1 0 _9394
_aMedicina deportiva
942 _2ddc
_cLI
_e22